US States Containing the Letter M - Statistics

General Stats
  • This quiz has been taken 332 times
  • The average score is 13 of 14
Answer Stats
Answer % Correct
Maine
97%
Montana
97%
Misssissippi
96%
New Mexico
96%
Michigan
95%
Minnesota
95%
Missouri
95%
Maryland
94%
Massachusetts
94%
New Hampshire
94%
Vermont
91%
Wyoming
91%
Oklahoma
90%
Alabama
85%
No matching quizzes found
Score Distribution
Percent of People with Each Score
Percentile by Number Answered
Your Score History
You have not taken this quiz